000 00270nam a22001217a 4500
008 170714b xxu||||| |||| 00| 0 eng d
041 _aeng
080 _a1(091)
100 _a24
101 _aFIL
245 _aTHE HISTORY OF PHILOSOPHY
_cHALDANE, E.S
942 _2udc
_cBK
999 _c20764
_d20764